Estatísticas para Freguesias de Lisboa

Clique aqui para jogar o quiz

Estatísticas Gerais

  • Esse quiz foi jogado 297 vezes
  • A pontuação média é 12 de 24

Estatísticas das Respostas

Resposta% Correto
Benfica
77%
Alvalade
70%
Belém
69%
Alcântara
61%
Parque das Nações
61%
Olivais
57%
Lumiar
55%
Ajuda
53%
Arroios
53%
Estrela
50%
Campolide
49%
São Domingos de Benfica
49%
Avenidas Novas
48%
Campo de Ourique
47%
Santo António
46%
Santa Maria Maior
45%
Areeiro
44%
Marvila
44%
Beato
42%
Carnide
42%
Penha de França
37%
Misericórdia
36%
São Vicente
36%
Santa Clara
34%

Distribuição das Pontuações

Percentil de Números Respondidos

Porcentagem de Pessoas com Cada Pontuação

Sua Pontuação Histórica

Você não jogou esse quiz